Industrial Security Management/ (Record no. 190998)
[ view plain ]
| 000 -LEADER | |
|---|---|
| fixed length control field | 00527nam a22001817a 4500 |
| 005 - DATE AND TIME OF LATEST TRANSACTION | |
| control field | 20220817110145.0 |
| 010 ## - LCCN (DPL NO) | |
| LC control number | ENG-134449 |
| 020 ## - INTERNATIONAL STANDARD BOOK NUMBER | |
| International Standard Book Number | 9788176781930 |
| Terms of availability | 750.00 |
| 035 ## - SYSTEM CONTROL NUMBER | |
| System control number | EN-117981 |
| 037 ## - SOURCE OF ACQUISITION | |
| Source of stock number/acquisition | DBAD/PUB |
| 082 ## - DEWEY DECIMAL CLASSIFICATION NUMBER | |
| Classification number | 658.47 |
| 100 ## - MAIN ENTRY--PERSONAL NAME | |
| Personal name | Kamaal, Nazeer |
| 245 ## - TITLE STATEMENT | |
| Title | Industrial Security Management/ |
| Statement of responsibility, etc | Nazeer Kamaal |
| 260 ## - PUBLICATION, DISTRIBUTION, ETC. (IMPRINT) | |
| Place of publication, distribution, etc | Lucknow |
| Name of publisher, distributor, etc | Bharat Book Centre |
| Date of publication, distribution, etc | 2013 |
| 270 ## - ADDRESS | |
| Address | 17, Ashok Marg |
| City | Lucknow |
| Postal code | 226001 |
| Telephone number | 0522-2288381 |
| 300 ## - PHYSICAL DESCRIPTION | |
| Extent | viii, 232p. |
| Dimensions | 22cm(hb) |
| 942 ## - ADDED ENTRY ELEMENTS (KOHA) | |
| Source of classification or shelving scheme | Dewey Decimal Classification |
| Item type | English Books |
| Classification part | 658.47 |
| Call number suffix | KAM |
| Withdrawn status | Lost status | Not for loan | Collection code | Home library | Current library | Date acquired | Source of acquisition | Cost, normal purchase price | Full call number | Barcode | Copy number | Cost, replacement price | Koha item type |
|---|---|---|---|---|---|---|---|---|---|---|---|---|---|
| Non-fiction | Ashok Vihar | Ashok Vihar | 17/08/2022 | DBAD/PUB | 750.00 | 658.47 KAM | EN-117981 | 1 | 750.00 | English Books |
